000 00607nam a2200205 a 4500
003 BD-DhJNU
005 20250616055252.0
008 130919s9999 xx 000 0 und d
020 _a9788181477309
040 _aBD-DhJNU
_bENG
_cBD-DhJNU
_dBD-DhJNU
082 0 0 _a519.2 ROI
_223
100 1 _aRoss, Sheldon M.
245 1 0 _aIntroduction to probability and statistics for engineers and scientists /
_cSheldon M. Ross
250 _a3rd ed.
260 _aNoida :
_bReed Elsevier,
_c2009.
300 _axv, 624 p. :
_bill. ;
_c27 cm.
650 0 _aDescriptive statistics
650 0 _aRegression
942 _cBK
999 _c1771
_d1771